000 00383nam a2200157Ia 4500
008 230524s9999 xx 000 0 und d
082 _a532
_bSUB
100 _aK.Subramanyam
245 0 _aTheory and Applications of Fluid Mechanics
250 _a1ST
260 _aNEW DELHI
_bTMH
_c2004
300 _aXV;749
500 _aQuantity Number: 2
650 _aMechanics
942 _cBK
999 _c30790
_d30790